Регионална библиотека "Любен Каравелов" - Русе

Encyclopedie culinaire quillet (Запис номер 59510)

MARC детайли
000 -Лидер
Контролно поле с фиксирана дължина 00805nam a2200253 c 4500
003 - Код на организацията, давaща контролен номер
Контролно поле BLK
005 - Дата и час на последна редакция
Контролно поле 20181029154549.0
008 - Елементи от данни с фиксирана дължина
fixed length control field 180408b bul|||||r ||||||| ||bul||
010 ## - Наследен системен номер
LC control number KNG00063612000
040 ## - Източник на каталожния запис
Идентификатор на билиотеката - собственик на записа BLK
041 ## - Код за език
Код за езика на текст/звукозапис или на отделно заглавие Френски
Код за езика КДБФ Френски
080 ## - УДК
Текстов определител УДК Хранителни продукти. Приготвяне на храната
УДК код - определител по УДК 641
УДК определител (02)
УДК - код + определител 641(02)
139 ## - Редно поле
Редна дума Encyclopedie culinaire quillet
Авторски знак Емар - Е 58
245 10 - Сведения за заглавието
Заглавие Encyclopedie culinaire quillet
Редно поле (дума) sous la dir. de Amelie R. Anderson-Seidler.
260 ## - Област на издателските данни
Име на издателя, разпространителя и проч. Aristide Quillet
Година на издаване 1967
300 ## - Физическа характеристика
Страници 535 с.
Размери/Мащаб 32 см
380 ## - Жанр
Жанр Техника
700 1# - Други автори (авторска отговорност)
Лично име Anderson-Seidler, Amelie R.
Автороска отговорност (Описва отношението между автора и произведението) sous la dir. de
9 (RLIN) 369781
852 ## - Местоположение
Форматна сигнатура Цб ІІ 4016
856 4# - Електронен адрес и достъп
Електронен формат pdf - файл
856 4# - Електронен адрес и достъп
Електронен формат pdf - файл
999 ## - СИСТЕМНИ КОНТРОЛНИ НОМЕРА
Koha biblionumber 59510
Koha biblioitemnumber 59510
942 ## - АРТИКУЛИ
Вид на библиотечния материал Книги
Скрит в OPAC Не
944 ## - СЪЗДАВАНЕ И РЕДАКЦИЯ на ЗАПИСА
Създаване/Редакция Създаване
Дата на регистрацията/редакция 13.06.2004
Служител, извършил регистрацията/редакцията Читалня
944 ## - СЪЗДАВАНЕ И РЕДАКЦИЯ на ЗАПИСА
Създаване/Редакция Редакция
Дата на регистрацията/редакция 13.06.2004
999 ## - СИСТЕМНИ КОНТРОЛНИ НОМЕРА
Koha biblioitemnumber 59510
Наличности
Код за отписване Код за изгубен артикул Източник на класификационната схема Код за повреда Коз за рестрикции Код за отдаване Артикулен № Име на библиотеката - собственик Име на библиотеката, в която се намира в момента Статус (Текущо местоположение) Дата на вписване в системата Местоположение - отдел Цена в лева Инвентарен номер Систематично азбучна сигнатура Баркод Номер на екземпляра Цена в евро Служебна бележка Служебен тип на артикула
  Не е изгубен Universal Decimal Classification Не е повреден без рестрикции ползва се в читалня 97198 Регионална библиотека "Любен Каравелов" Русе Регионална библиотека "Любен Каравелов" Русе Основен фонд - ползва се само за читалня 1993-01-01 Хранилище 17.55 86454 Цб ІІ 4016 120000086454 1 8.97 Дата инв: 23.03.2017 Бележки инв: СЧ2017 Книги
Vip Innovations Ltd, Rousse, Bulgaria 2025